000 00752nam a2200205 a 4500
008 130408s2007 ||||||||||||||||| || u
020 _a9780273681632
050 _aHF 5549 Str
100 _aSaunders, Mark
245 1 0 _aStrategic Human Resource Management: contemporary issues
_cby Mike Millmore (and others)
260 _aHarlow:
_bPearson Education, Inc
_c2007
300 _axxv, 572p.: ill.
500 _aIncludes references
650 0 _aPERSONNEL MANAGEMENT
650 0 _aSTRATEGIC PLANNING
700 _aMillmore, Mike
700 _aThornhill, Adrian
700 _aLewis, Philip
995 _FCBU-MAIN LIBRARY (Kitwe)
_M1
_UAVAILABLE
_WMay 22, 2013
_ZMain Library Open Access Collection
999 _c58497
_d58497